000 00433nam a2200169Ia 4500
003 IN-BaIIA
008 211028s9999 xx 000 0 eng d
040 _cIIA Library
080 _a523.43
_bLOW
100 _aLowell, Percival
_91379
245 0 _aMars and its canals
_cPercival Lowell
260 _aNew York
_bMacmillan
_c1907
300 _axv, 393p.
650 _aPlanet Mars
_91263
650 _aPlanetary System
_9756
942 _cBK
999 _c635
_d635